Statistiques concernant NRJ Music Awards Chanson francophone

Cliquez ici pour prendre le quiz!

Statistiques générales

  • Ce quiz a été pris 104 fois
  • Le résultat moyen est 20 sur 24

Statistiques - réponses

AnnéeChansonInitialeArtiste / Comédie musicale% Correct
2014Color GitanoKGKendji Girac
98%
2021EvidemmentKGKendji Girac
98%
2018Pour oublierKGKendji Girac
98%
2015ConmigoKGKendji Girac
98%
Spécial 15e anniversaireFormidableSStromae
98%
2008On s'attacheCMChristophe Maé
93%
2009Belle demoiselleCMChristophe Maé
93%
2007La BouletteDDiam's
92%
2020Avant toiV & SVitaa & Slimane
91%
2017On diraitAAmir
89%
2016J'ai cherchéAAmir
89%
2022Qui on estMPM. Pokora
89%
2012A nos actes manquésMPM. Pokora
89%
2011Juste une photo de toiMPM. Pokora
89%
2006Elle me contrôleMPM. Pokora
89%
2019Tout oublierA & REAngèle & Roméo Elvis
79%
2013Avant qu'elle parteSDASexion d'Assaut
77%
2010L'AssassymphonieMMozart
76%
2005Femme like UK-MK-Maro
75%
2003Manhattan KaboulR & ARRenaud & Axelle Red
70%
2004Le cheminKKyo
66%
2001Les rois du mondeR & JRoméo & Juliette
63%
2000Tomber la chemiseZZebda
60%
2002A ma placeAB & ZAxel Bauer & Zazie
55%

Distribution des résultats

Percentile par nombre de réponses

% des personnes avec chaque résultat

Votre développement - résultats

Vous n’avez pas pris ce quiz